00613nam a2200157Ia 4500008004100000100003800041245007700079245008000156260005900236260000900295650001800304650001500322856002600337999001900363952007300382170221s9999 xx 000 0 und d aMohamad Yusrizal B Mohamed Yusoff aKM Practice in Malaysia Community College: KMS to Support KM Framework  cMohamad Yusrizal B Mohamed Yusoff Ahmad Kamil B Mahmood Jafreezal B. Jaafar bOnline Journal of Communication and Media Technologies c2015 xCommunication xMedia Arts uhttp://www.ojcmt.net/ c309216d309216 001040aCLbCLd2017-02-21l0r2017-02-21 00:00:00w2017-02-21yFOJ